00490nam a22001697a 450000500170000001000160001702000110003303500140004403700130005808200110007110000200008224500840010225000120018626000500019827000460024830000260029420170125162403.0 a ENG-117184 c175.00 aEN-100716 bDBAD/PUB a342.06 aPithawalla,H.D. aAdministrative law :cby H.D. Pithawallaba basic introduction to the subject / aist ed. aMumbaibEducational and Law Publishersc2016 a146-C,Shamdas Gandhi MargbMumbaie400002 axii,208p. c25cm(pbk)